000 00968nas a2200325 4500
001 BR0700284
003 BR-BrBNA
005 20231205110510.0
007 ta
008 230509b bl.|||p| |||| 00| 00por d
040 _aBR-BrBNA
_bpor
_cBiblioteca Nacional de Agricultura
041 _a(Pt)
072 _aH20
100 1 _aSilva, M. do C.L. da
100 1 _aSantos, C.D.G.
100 1 _aSantos, A.A. dos
100 1 _aLima, J.A. de A.
245 1 _aVírus da mancha amarela da gravioleira: transmissão, hospedeiros, purificação e produção de anti-soro
650 _aGRAVIOLA
650 _aVÍRUS
650 _aTRANSMISSÃO DE DOENÇA
650 _aHOSPEDEIRO
650 _aINOCULAÇÃO
650 _aEXTRATO VEGETAL
650 _aENXERTO
650 _aINSETO
773 0 _tRevista Ciência Agronômica (Brazil)
_xISSN 0045-6888
_g(2006), v. 37(2) p. 160-165
_wBR0700284
909 _a202311
_bLúcia
_c55
_dLúcia Elande
942 _2AGRIS
_n0
_cANA
999 _c187632
_d187632